Schlechtesten Trainer der Bundesliga seit 2000 mit min. 50 Spielen - Statistiken

Allgemein
  • Dieses Quiz wurde 81 mal gespielt
  • Das Durchschnittsergebnis liegt bei 4 aus 10
Antwortstatistiken
Platz Tipp Spiele Punkteschnitt Antwort % Korrekt
2 Albert Streit und er werden sicher keine Freunde mehr 62 0,77 Norbert Meier
72%
9 Vorgänger von Christian Groß bei S04 92 1,02 Manuel Baum
57%
3 Trainierte u.a Bielefeld, Schalke und Fürth 62 0,90 Frank Kramer
51%
4 Trainierte u.a Bielefeld und Hannover 96 159 0,95 Michael Frontzeck
46%
5 Führt nun einen REWE 54 0,98 Holger Stanislawski
44%
8 Ließ als erster Buli-Trainer eine Elf aus Ausänder spielen 102 1,02 Eduard Geyer
34%
10 Trainierte Hansa Rostock in der Bundesliga 74 1,03 Frank Pagelsdorf
32%
7 Trainierte auch ein Moskauer Verein 106 1,01 Sandro Schwarz
29%
1 Bei seiner ersten Trainerstation war er 10 Jahre tätig, davon eins in der Bundesliga 66 0,64 Torsten Lieberknecht
28%
6 Holländer mit Schnäuzer 110 1,00 Jos Luhukay
26%
Keine übereinstimmenden Quizze gefunden
Verteilung der Resultate
Anzahl Personen mit jedem Resultat
Perzentil nach korrekt beantworteten Fragen
Ihre Resultats-Entwicklung
Sie haben dieses Quiz noch nicht gespielt